Kliknij państwa świata na mapie bez granic #2 - Statystyki

Ogólne statystyki
  • Ten quiz został rozwiązany 6 579 razy
  • Średni wynik to 16 z 25
Odpowiedzi na mapie
Odpowiedzi zakodowano w zielono-czerwonej skali na mapie do tego quizu, zgodnie z poniższymi procentami.
 
Statystyki odpowiedzi
Odpowiedź % Poprawnych
Kanada
98%
Japonia
95%
Australia
92%
Francja
81%
Finlandia
79%
Arabia Saudyjska
77%
Grecja
77%
Algieria
76%
Indonezja
76%
Chiny
75%
Somalia
75%
Argentyna
73%
Tajlandia
73%
Wenezuela
73%
Dania
71%
Bahamy
59%
Pakistan
58%
Komory
39%
Peru
38%
Polska
38%
Mozambik
37%
Malediwy
35%
Demokratyczna Republika Konga
33%
Fidżi
31%
Barbados
20%
Nie znaleziono quizów pasujących do podanych kryteriów
Rozkład punktacji
Procent ludzi z każdym wynikiem
Percentyl według liczby udzielonych odpowiedzi
Twoja historia wyników
Nie rozwiązałeś tego quizu